书目信息 |
| 题名: |
精忠说岳全传
|
|
| 作者: | 钱彩 著 | |
| 分册: | ||
| 出版信息: | 西安 太白文艺出版社 1995.03 |
|
| 页数: | 702页 | |
| 开本: | 32开 | |
| 丛书名: | ||
| 单 册: | ||
| 中图分类: | I242.4 | |
| 科图分类: | ||
| 主题词: | 小说--中国 | |
| 电子资源: | ||
| ISBN: | 7-80605-122-8 | |
| 000 | 00549nam0 2200193 45 | |
| 001 | 0011081777 | |
| 005 | 20001108171238.0 | |
| 010 | @a7-80605-122-8@d29.00元 | |
| 100 | @a20001108d1995 km y0chiy0120 ea | |
| 101 | 0 | @achi |
| 105 | @a z 000yy | |
| 200 | 1 | @a精忠说岳全传@AJing Zhong Shuo Yue Quan Chuan@f(清)钱彩著@F(Qing)Qian Cai Zhu |
| 210 | @a西安@c太白文艺出版社@d1995.03 | |
| 215 | @a702页@d32开 | |
| 606 | 0 | @a小说@x中国 |
| 690 | @aI242.4@v3 | |
| 701 | 0 | @a钱彩@4著 |
| 801 | @aCN@bPftUser@c20001108 | |
| 905 | @b212442-451@dI242.4@eQ.102@f10 | |
| 精忠说岳全传/(清)钱彩著.-西安:太白文艺出版社,1995.03 |
| 702页;32开 |
| ISBN 7-80605-122-8:29.00元 |
| ● |
| 相关链接 |
|
|
|
正题名:精忠说岳全传
索取号:I242.4/Q.102
 
预约/预借
| 序号 | 登录号 | 条形码 | 馆藏地/架位号 | 状态 | 备注 |
| 1 | 212442 | 202124423 | 文学库108/422社科库 17排1列1层/ [索取号:I242.4/Q.102] | 在馆 | |
| 2 | 212443 | 202124432 | 文学库108/400B社科库 20排4列5层/ [索取号:I242.4/Q.102] | 在馆 | |
| 3 | 212444 | 202124441 | 社科二线400B/400B社科库 14排2列1层/ [索取号:I242.4/Q.102] | 在馆 | |
| 4 | 212445 | 202124450 | 社科二线400B/400B社科库 14排2列1层/ [索取号:I242.4/Q.102] | 在馆 | |
| 5 | 212446 | 202124469 | 社科二线400B/400B社科库 14排2列1层/ [索取号:I242.4/Q.102] | 在馆 | |
| 6 | 212447 | 202124478 | 文学库108/400B社科库 20排4列5层/ [索取号:I242.4/Q.102] | 在馆 | |
| 7 | 212448 | 202124487 | 社科二线422/422社科库 17排1列5层/ [索取号:I242.4/Q.102] | 在馆 | |
| 8 | 212449 | 202124496 | 文学库108/400B社科库 20排4列5层/ [索取号:I242.4/Q.102] | 在馆 | |
| 9 | 212450 | 202124502 | 社科二线422/422社科库 17排1列5层/ [索取号:I242.4/Q.102] | 在馆 | |
| 10 | 212451 | 202124511 | 社科二线400B/400B社科库 14排2列1层/ [索取号:I242.4/Q.102] | 在馆 |